Memoria del IV Seminario Africa-America Latina

Tallennettuna:
Bibliografiset tiedot
Yhteisötekijä: Instituto Matías Romero de Estudios Diplomáticos (Tekijä)
Aineistotyyppi: Kirja
Kieli:espanja
Julkaistu: Ciudad de México Instituto Matías Romero de Estudios Diplomáticos 1988
Aiheet:
Tagit: Lisää tagi
Ei tageja, Lisää ensimmäinen tagi!

MARC

LEADER 00000nam a2200000 a 4500
001 UCV1373
003 CL-VaPUC
008 900516e19880000MX |||||||||||||||||spa|d
082 0 4 |a 341.7  |b INS  |2 21 
110 2 |a Instituto Matías Romero de Estudios Diplomáticos  |e author  |9 295620 
245 1 0 |a Memoria del IV Seminario Africa-America Latina 
300 |a 133 p 
942 |c BK 
945 |d 19900516 00:00:00 
260 |a Ciudad de México  |b Instituto Matías Romero de Estudios Diplomáticos  |c 1988 
650 7 |a RELACIONES CON AFRICA  |2 CL-VaPUC  |9 256300 
650 0 |a Cooperación internacional  |9 255447 
651 0 |a América  |9 255182 
583 |a last modification  |c 19900516 00:00:00  |k Rodrigo Vera 
999 |c 209348  |d 209346 
952 |0 0  |1 0  |4 0  |6 341_700000000000000_INS_1988  |7 0  |8 A  |9 184697  |a BIBDER  |b BIBDER  |d 2019-11-14  |i 2520044  |o 341.7 INS 1988  |p 2520044  |r 2023-01-25  |w 2019-11-14  |y BK  |k DER